Statistiques concernant chanson blackpink

Cliquez ici pour prendre le quiz!

Statistiques générales

  • Ce quiz a été pris 465 fois
  • Le résultat moyen est 18 sur 29

Statistiques - réponses

Réponse% Correct
JennieSolo
92%
LisaLalisa
90%
Money
87%
3Kill This Love
85%
4boombayah
83%
18how you like that
83%
Roséon the ground
82%
Gone
79%
2whistle
73%
15ice cream
71%
5playing with fire
66%
6stay
66%
7Ddu-du ddu-du
63%
19pretty savage
62%
1as if it's your last
61%
21Lovesick girls
60%
22crazy over you
58%
8forever young
57%
12kick it
55%
20bet you wanna
50%
16Kiss and Make up
50%
23love to hate me
49%
14sour candy
49%
11don't know what to do
47%
9really
44%
10see u later
44%
24You Never Know
44%
17so hot
15%
13hope know
1%

Distribution des résultats

Percentile par nombre de réponses

% des personnes avec chaque résultat

Votre développement - résultats

Vous n’avez pas pris ce quiz